Sports Quiz

Random Sports Quiz

Name the Unsuccesful UFC title challengers Quiz Stats

 Plays Quiz not verified by Sporcle

Challenge
Share
Tweet
Embed
Score 0/52 Timer 13:00
0 Plays Today
Title Title Challenger's Name % Correct
Kenny Florian
63.9%
Dan Hardy
57.1%
Diego Sanchez
56.3%
Jon Fitch
54.4%
Thiago Alves
52.3%
Dan Henderson
50.9%
Dan Henderson
50.9%
Joe Stevenson
50.4%
Patrick Cote
46.6%
Thales Leites
43.9%
Nate Marquardt
43.1%
Demian Maia
43.1%
Gabriel Gonzaga
42%
Frank Trigg
41.8%
Renato Sobral
40.2%
Jeremy Horn
38%
Pedro Rizzo
36.7%
Nate Quarry
36.4%
Ken Shamrock
34.5%
Caol Uno
32.3%
Paul Buentello
31.5%
Jeff Monson
29.9%
Hermes Franca
29.4%
David Loiseau
28.6%
Wanderlei Silva
25.6%
Justin Eilers
24.3%
Title Title Challenger's Name % Correct
Tank Abbott
23.5%
Gan McGee
23.5%
Dan Severn
23.2%
Matt Lindland
21.6%
Vladimir Matyushenko
21.3%
Heavyweight Championship
21%
Light Heavyweight Championship
21%
Middleweight Championship
21%
Welterweight Championship
21%
Lightweight Championship
21%
Elvis Sinosic
19.7%
Dennis Hallman
18.3%
Pete Williams
18.1%
Gil Castillo
17.5%
Gil Castillo
17.5%
Yuki Kondo
17.3%
Hayato Sakurai
15.9%
Kevin Jackson
15.1%
Dave Terrell
14.8%
Mikey Burnett
14.8%
Igor Zinoviev
14.3%
John Alessio
13.7%
John Lober
12.7%
Jorge Patino
8.6%
Andre Pederneiras
8.6%
Kenichi Yamamoto
7.8%

You're not logged in!

Compare scores with friends on all Sporcle quizzes.
Join for Free
OR
Log In

You Might Also Like...

Show Comments

Extras

Created Jul 4, 2010ReportNominate
Tags:challenger, MMA, UFC, unsuccessful

Top Quizzes Today


Score Distribution

Your Account Isn't Verified!

In order to create a playlist on Sporcle, you need to verify the email address you used during registration. Go to your Sporcle Settings to finish the process.

Report this User

Report this user for behavior that violates our Community Guidelines.

Details: